| 000 | 00556nam a2200193Ia 4500 | ||
|---|---|---|---|
| 003 | OSt | ||
| 005 | 20220928144544.0 | ||
| 006 | a|||||r|||| 00| 0 | ||
| 007 | ta | ||
| 008 | 220927b |||||||| |||| 00| 0 eng d | ||
| 024 | _a71777 | ||
| 037 | _cTextual | ||
| 040 |
_aSDCL _cSDCL _beng |
||
| 041 |
_2eng _aeng |
||
| 082 | _aX:9n1,N87, N1 | ||
| 245 | 0 |
_aADVANCES IN industrial and labour relations _b A research annual. 1V per year. V1-; 1987-; This library has V5-; 1991-; |
|
| 942 |
_hX:9n1,N87, N1 _cTEXL _2CC |
||
| 999 |
_c827902 _d827902 |
||